Loading...
| History - European History | 0 | 3 | 0 | 1 | 30 | 111 | 113.00 | 0 | 1 |
| History - American History | 0 | 3 | 1 | 0 | 25 | 83 | 87.67 | 1 | 2 |
| Pop Culture | 0 | 2 | 0 | 1 | 20 | 63 | 95.00 | 1 | 1 |
| Fine Arts - Classical Music | 0 | 2 | 1 | 0 | 15 | 118 | 124.50 | 0 | 0 |
| History - World History | 0 | 2 | 1 | 0 | 15 | 100 | 102.00 | 0 | 0 |
| Philosophy | 0 | 1 | 0 | 1 | 10 | 136 | 136.00 | 0 | 0 |
| Religion | 0 | 2 | 2 | 0 | 10 | 95 | 102.00 | 0 | 1 |
| History - Other History | 0 | 1 | 1 | 0 | 5 | 43 | 43.00 | 1 | 1 |
| Science - Other Science | 0 | 0 | 0 | 0 | 0 | 0.00 | 0 | 0 | |
| Mythology | 0 | 0 | 1 | 0 | -5 | 0.00 | 0 | 0 | |
| Fine Arts - Other Fine Arts | 0 | 1 | 3 | 0 | -5 | 118 | 118.00 | 0 | 0 |
| Geography/Current Events | 0 | 1 | 3 | 0 | -5 | 50 | 50.00 | 1 | 1 |